000 01040nam a2200241Ia 4500
003 Ost
005 20260507075010.0
008 260507s9999||||xx |||||||||||||| ||und||
040 _cfsecg
041 _aara
082 _a339
100 _aطاقة، محمد
_eمؤلف
245 0 _aأساسيات علم الاقتصاد الجزئي والكلي /
_c محمد طاقة
260 _aعمان:
_bاثراء للنشر,
_c2008
300 _a408 صفحة؛
_bإيضاحات ؛
_c24 سم
504 _aبيبليوغرافيا: ص. 407
520 _aيوجد في هذ الكتاب أساسيات علم الإقتصاد الجزئي والكلي، نظرية الطلب والعرض، سلوك المستهلك والانتاج، الاسواق واالدخل القومي، التضخم و البطالة، النقود والبوك
653 _aالإقتصاد الجزئي
653 _aالإقتصاد الكلي
653 _aالانتاج
700 _aالزي، محمد
_eمؤلف ثانوي
942 _cكتاب
999 _c42154
_d42154